00883nam a2200217 a 450000100100000000500170001000800410002704000250006808200170009310000360011024500970014626000410024330000220028449000570030650000470036370000440041083000640045404900090051895201210052799900170064800002357620200930022324.0101213s1941 sp r 000 0 spa d aDO-SdBNPbspacBNPHU axxxxbP438ob1 aPérez Galdós, Benito94507710aObras completas /cBenito Pérez Galdós ; introducción Federico Carlos Sainz de Robles. aMadrid :bM. Aguialar Editor,c1941. a1722 p. ;c18 cm.1 aEpisodios nacionales, segunda serie (continuación) aIncluye referencia biográfica del autor.1 aSainz de Robles, Federico carlos916670 0aEpisodios nacionales, segunda serie (continuación)948598 aBNGR 001054708MOaGRbGRcCTd2010-12-14iLF1l0oxxxx P438obp23576-10r2020-06-25w2020-06-25y4ZPréstamo en sala c23072d23072